Statistics for UK Elite Ice Hockey League 2023/24

Click here to take the quiz!

General Stats

  • This quiz has been taken 8 times
  • The average score is 8 of 10

Answer Stats

Answer% Correct
Nottingham Panthers
100%
Cardiff Devils
88%
Coventry Blaze
88%
Sheffield Steelers
88%
Belfast Giants
75%
Dundee Stars
75%
Fife Flyers
75%
Glasgow Clan
75%
Manchester Storm
75%
Guildford Flames
63%

Score Distribution

Percentile by Number Answered

Percent of People with Each Score

Your Score History

You have not taken this quiz